| 000 | 00935nam a22002657a 4500 | ||
|---|---|---|---|
| 005 | 20201128021234.0 | ||
| 008 | 150427r20142008ii a frb 001 0 eng d | ||
| 020 | _a9788123916316 | ||
| 040 | _aEG-ScBUE | ||
| 082 | 0 | 0 |
_222 _bKRI _a624.068 |
| 100 | 1 |
_aKrishnamurthy, K. G. _937741 |
|
| 245 | 1 | 0 |
_aConstruction and project management for engineers, architects, planners & builders / _cK. G. Krishnamurthy, S. V. Ravindra. |
| 260 |
_aNew Delhi : _bCbs Publishers & Distributors Pvt., _c2014. |
||
| 300 |
_axiv, 297 p. : _bill. ; _c22 cm. |
||
| 500 | _aIndex : p. 295-297. | ||
| 500 | _aReprint of the 2008 ed. | ||
| 504 | _aBibliography : p. 293. | ||
| 650 | 7 |
_2BUEsh _aConstruction projects _xManagement. _937743 |
|
| 650 | 7 |
_aConstruction industry _xmanagement. _2BUEsh _91204 |
|
| 651 | _2BUEsh | ||
| 653 |
_bENGARC _cApril2015 |
||
| 655 |
_vreading book _934232 |
||
| 700 | 1 |
_aRavindra, S. V. _937742 |
|
| 942 |
_2ddc _k624.068 KRI |
||
| 999 |
_c19229 _d19201 |
||